| 000 | 00970cam a22003017a 4500 | ||
|---|---|---|---|
| 001 | 13555529 | ||
| 005 | 20140109094240.0 | ||
| 006 | m||||f ||z 00| 0 | ||
| 008 | 040412t2004 ne a frb 001 0 eng | ||
| 010 | _a2004298450 | ||
| 020 | _a0750676833 | ||
| 020 | _a9780750676830 | ||
| 040 |
_aUKM _cUKM _dMIA _dGZM _dDLC |
||
| 050 | 0 | 0 |
_aTJ211.495 _b.H65 2004 |
| 082 | 0 | 4 |
_a629.8932 _222 _bHOL |
| 100 | 1 |
_aHolland, John M. _934786 |
|
| 245 | 1 | 0 |
_aDesigning mobile autonomous robots / _cby John Holland. |
| 246 | 1 | 4 |
_aDesigning autonomous mobile robots : _binside the mind of an intelligent machine |
| 260 |
_aAmsterdam : _bElsevier Newnes, _cc.2004. |
||
| 300 |
_axv, 335 p. : _bill. ; _c24 cm. + _eCD-ROM. |
||
| 500 | _aIndex : p. 331-335. | ||
| 500 | _aInclude appendix. | ||
| 504 | _aIncludes bibliographical references. | ||
| 650 | 0 |
_aAutonomous robots _934787 |
|
| 653 |
_bCS _cJanuary2014 |
||
| 655 |
_vreading book _934232 |
||
| 942 |
_2ddc _cBB _k629.8932 HOL |
||
| 999 |
_c17902 _d17874 |
||